000 nam a22 4500
999 _c9080
_d9080
008 180410b ||||| |||| 00| 0 eng d
245 _a2015: Milestones in financial inclusion.
260 _aPhilippines
_bManila Bulletin
_cc2016
300 _apage C1.
650 0 _927228
_aFinance.
942 _2ddc
_cPER